| 000 | 00541nam a22002057a 4500 | ||
|---|---|---|---|
| 003 | OSt | ||
| 005 | 20140310182011.0 | ||
| 008 | 121119t xxu||||| |||| 00| 0 eng d | ||
| 020 | _a0380778173 | ||
| 050 |
_aPZ 7 _b.W814 1996 |
||
| 082 |
_aKF _bB72dw 1996 |
||
| 245 |
_aThe Darkest Wish _bLorna's Wish _cT.J Bradstreet |
||
| 260 |
_aNew York _bAvon Books _cc1996. |
||
| 300 |
_g19cm _a152 p. ; |
||
| 541 | _j1 | ||
| 562 | _e1 | ||
| 650 |
_aChildren's storie _xFiction _96028 |
||
| 650 |
_aWish _xFiction _96029 |
||
| 942 |
_2lcc _cBK-KF _kKF |
||
| 999 |
_c8147 _d8147 |
||